000
00303nam a22001337a 4500
082
_a
894.812.3
_b
KRI/A
100
_a
KRISHNANKUTTY, MUNDOOR
245
_a
ASHWASATHINTE MANTHRACHARADU
260
_a
THIRUVANANTHAPURAM
_b
PRABATH BOOKS
300
_a
140
520
_a
NOVEL
650
_a
NOVEL
942
_c
BK
999
_c
4999
_d
4999